A warmer world : (Record no. 2751)

MARC details
000 -LEADER
fixed length control field 01384cam a2200289 a 4500
005 - DATE AND TIME OF LATEST TRANSACTION
control field 20240116145226.0
020 ## - INTERNATIONAL STANDARD BOOK NUMBER
International Standard Book Number 9780545568456
040 ## - CATALOGING SOURCE
Original cataloging agency DLC
Transcribing agency DLC
Modifying agency DLC
Language of cataloging eng
050 00 - LIBRARY OF CONGRESS CALL NUMBER
Classification number QC981.8.G56
Item number 2012
082 00 - DEWEY DECIMAL CLASSIFICATION NUMBER
Classification number 363.738
100 1# - MAIN ENTRY--PERSONAL NAME
Personal name Arnold, Caroline
245 12 - TITLE STATEMENT
Title A warmer world :
Remainder of title from polar bears to butterflies, how climate change affects wildlife /
Statement of responsibility, etc. Caroline Arnold ; illustrated by Jamie Hogan.
250 ## - EDITION STATEMENT
Edition statement Printed in the U.S.A
260 ## - PUBLICATION, DISTRIBUTION, ETC.
Place of publication, distribution, etc. New York :
Name of publisher, distributor, etc. Scholastic,
Date of publication, distribution, etc. 2012
300 ## - PHYSICAL DESCRIPTION
Extent 31 pages :
Other physical details color illustrations ;
Dimensions 26 cm.
505 ## - FORMATTED CONTENTS NOTE
Formatted contents note Z <br/>
520 ## - SUMMARY, ETC.
Summary, etc. Over the past several decades, our world has been warming at a faster rate than ever before. Winters are shorter. Sea levels have risen. Territories of predators and prey have shifted. To survive in this new environment, animals everywhere have had to adapt, or face extinction. Complemented by Jamie Hogan's rich collage illustrations, A Warmer World offers young readers a clear-eyed look at the effects of climate change on animals around the world--
521 ## - TARGET AUDIENCE NOTE
Target audience note 1110 <br/>
Source Lexile <br/>
521 ## - TARGET AUDIENCE NOTE
Target audience note Z <br/>
Source Raz-Plus <br/>
650 #0 - SUBJECT ADDED ENTRY--TOPICAL TERM
Topical term or geographic name entry element Global warming
Form subdivision Juvenile literature.
650 #0 - SUBJECT ADDED ENTRY--TOPICAL TERM
Topical term or geographic name entry element Climatic changes
Form subdivision Juvenile literature.
650 #0 - SUBJECT ADDED ENTRY--TOPICAL TERM
Topical term or geographic name entry element Wildlife resources
General subdivision Climatic factors.
700 1# - ADDED ENTRY--PERSONAL NAME
Personal name Hogan, Jamie
906 ## - LOCAL DATA ELEMENT F, LDF (RLIN)
a 7
b cbc
c orignew
d 1
e ecip
f 20
g y-gencatlg
942 ## - ADDED ENTRY ELEMENTS (KOHA)
Source of classification or shelving scheme Dewey Decimal Classification
Koha item type Books
Suppress in OPAC No
999 ## -
-- 2751
-- 2751
Holdings
Withdrawn status Lost status Source of classification or shelving scheme Damaged status Not for loan Collection Home library Current library Shelving location Date acquired Total Checkouts Full call number Barcode Date last seen Copy number Price effective from Koha item type
    Dewey Decimal Classification     Non-Fiction Footprints International School Library Network Toul Kork Campus Footprints International School Library Network Toul Kork Campus   01/12/2024   ARN 363.738 QC981.G56 FISTK04995 01/12/2024 1 01/12/2024 Books
    Dewey Decimal Classification     Non-Fiction Footprints International School Library Network Toul Kork Campus Footprints International School Library Network Toul Kork Campus TTP Secondary Non-Fiction Bookshelves 01/12/2024   ARN 363.738 QC981.G56 FISBK06144 02/22/2024 2 01/12/2024 Books
    Dewey Decimal Classification     Non-Fiction Footprints International School Library Network Toul Kork Campus Footprints International School Library Network Toul Kork Campus TTP Secondary Non-Fiction Bookshelves 01/12/2024   ARN 363.738 QC981.G56 FISSE01415 12/16/2024 3 01/12/2024 Books